| 000 | 00612cam a2200229 4500 | ||
|---|---|---|---|
| 008 | 090401t1989 xxu||||| |||| 00| 0 eng d | ||
| 020 | _a0333416023 | ||
| 035 | _a(Sirsi) u64611 | ||
| 041 | _aeng | ||
| 050 | _a658.99 | ||
| 245 | 4 | _aThe management of construction firms: aspects of theory | |
| 260 |
_aBasingstoke _bMacMillan _c1989 |
||
| 300 | _axx,165p. ; 22cm. | ||
| 350 | _a37.5 | ||
| 650 | _aBUILDING INDUSTRY | ||
| 650 | _aCOMPANIES | ||
| 650 | _aCONSTRUCTION FIRMS | ||
| 700 |
_aCannon, Jacqueline _xEditor |
||
| 700 |
_aHillebrandt, Patricia M. _xEditor |
||
| 942 | _n0 | ||
| 948 | _c04/03/1997 | ||
| 999 |
_c94691 _d94691 |
||